000 00827cam a2200277 a 4500
005 20260322212047.0
008 data
010 _a 98045046
020 _a0062514261 (paper)
020 _a9780062514264 (paper)
040 _aDLC
_cDLC
_dDLC
043 _an-us-pa
_an-us-pa
050 0 0 _aE185.97.B14
_bA3 1999
082 0 0 _aB
_aB
_221
100 1 _aBagby, Rachel L.
245 1 0 _aDivine daughters :
_bliberating the power and passion of women's voices /
_cRachel L. Bagby.
250 _a1st ed.
260 _aSan Francisco :
_bHarperSanFrancisco,
_cc1999.
300 _a279 p. ;
_c20 cm.
600 1 0 _aBagby, Rachel L.
600 1 0 _aBagby, Rachel L.
_xFamily.
650 0 _aAfrican American women
_vBiography.
650 0 _aDaughters
_vBiography.
_zUnited States
651 0 _aPhiladelphia (Pa.)
_vBiography.
001 data
999 _c1120
_d1120